00607nam a22001932i 450000100060000000300080000600500170001400800410003103500510007204000270012304100080015008200280015810000310018624500580021726000410027530000250031650400360034165000360037732003BD-RjUL20211209051758.0140423s1978 ii b 000 0 eng d aOCLC ocm08305326 from D941209Ma(BD-RjUL)32092 aDLCcDLCdBD-RjULbeng aeng a294.5921219bBHV 19781 aBhat, Govind Keshavd1914-10aVedic themes :barticles on Vedic topics /cG.K. Bhat aDelhi :bAjanta Publications,c1978. a119, [6] p. ;c23 cm aIncludes Bibliography: p. [120] aVedas Criticism, interpretation